Poistenie
Salvato in:
| Autore principale: | |
|---|---|
| Ente Autore: | |
| Altri autori: | , |
| Natura: | Libro |
| Lingua: | slovacco |
| Pubblicazione: |
Bratislava
EU
1994
|
| Edizione: | 1. vyd. |
| Soggetti: | |
| Tags: |
Nessun Tag, puoi essere il primo ad aggiungerne!!
|
MARC
| LEADER | 00000nam a2200000 4500 | ||
|---|---|---|---|
| 001 | c005232 | ||
| 005 | 20221214074651.0 | ||
| 020 | |a 80-225-0567-6 | ||
| 041 | 0 | |a slo | |
| 044 | |a SK | ||
| 245 | 1 | 0 | |a Poistenie |c Viktória Čejková, Anna Majtánová, Dagmar Pelikánová |
| 250 | |a 1. vyd. | ||
| 264 | 1 | |a Bratislava |b EU |c 1994 | |
| 300 | |a 163 s. | ||
| 610 | 2 | 0 | |a poistenie |
| 610 | 2 | 0 | |a poisťovníctvo |
| 610 | 2 | 0 | |a riziko |
| 610 | 2 | 0 | |a predpisy právne |
| 610 | 2 | 0 | |a klasifikácia |
| 610 | 2 | 0 | |a efektívnosť |
| 610 | 2 | 0 | |a poisťovne |
| 610 | 2 | 0 | |a plánovanie |
| 610 | 2 | 0 | |a spoločnosti holdingové |
| 610 | 2 | 0 | |a rezervy |
| 610 | 2 | 0 | |a zaistenie |
| 610 | 2 | 0 | |a marketing |
| 610 | 2 | 0 | |a distribúcia |
| 610 | 2 | 0 | |a ceny |
| 610 | 2 | 0 | |a propagácia |
| 610 | 2 | 0 | |a terminológia |
| 100 | 1 | |a Čejková, Viktória | |
| 700 | 1 | |a Majtánová, Anna | |
| 700 | 1 | |a Pelikánová, Dagmar | |
| 710 | 2 | |a Ekonomická univerzita v Bratislave. Národohospodárska fakulta | |